Najbardziej lubiane państwa na świecie - Statystyki

Ogólne statystyki
  • Ten quiz został rozwiązany 197 razy
  • Średni wynik to 15 z 20
Statystyki odpowiedzi
Miejsce Państwo % Poprawnych
15 Niemcy
87%
19 Francja
85%
16 Japonia
84%
1 Kanada
84%
3 Szwecja
84%
17 Hiszpania
83%
2 Norwegia
83%
14 Włochy
83%
6 Finlandia
80%
13 Wielka Brytania
79%
8 Dania
77%
4 Szwajcaria
77%
18 Portugalia
72%
10 Belgia
68%
9 Holandia
68%
12 Austria
66%
11 Irlandia
63%
5 Australia
61%
7 Nowa Zelandia
58%
20 Singapur
23%
Nie znaleziono quizów pasujących do podanych kryteriów
Rozkład punktacji
Procent ludzi z każdym wynikiem
Percentyl według liczby udzielonych odpowiedzi
Twoja historia wyników
Nie rozwiązałeś tego quizu